[Event "SVK-chT2C 2324"]
[Site "Slovakia"]
[Date "2024.03.16"]
[Round "10.1"]
[White "Stauder, Matej"]
[Black "Sarkozy, Ladislav"]
[Result "1-0"]
[WhiteElo "2113"]
[BlackElo "2201"]
[PlyCount "79"]
[EventDate "2023.10.07"]
[EventType "team-tourn"]
[EventRounds "11"]
[EventCountry "SVK"]
[SourceTitle "EXT 2025"]
[Source "ChessBase"]
[SourceDate "2024.10.14"]
[SourceVersion "1"]
[SourceVersionDate "2024.10.14"]
[SourceQuality "1"]
[WhiteTeam "Zilina Mladost II"]
[BlackTeam "Ondrasova Krivan"]
[WhiteTeamCountry "SVK"]
[BlackTeamCountry "SVK"]

1. e4 c5 2. Nf3 Nc6 3. Bb5 d6 4. 0-0 Bd7 5. Re1 a6 6. Bf1 Nf6 7. h3 e5 8. c3 Be7 9. d4 0-0 10. d5 Nb8 11. a4 Bc8 12. a5 Nbd7 13. Nbd2 Re8 14. Nc4 Bf8 15. b4 g6 16. g4 h5 17. g5 Nh7 18. h4 Be7 19. Be3 Qc7 20. Rc1 f6 21. Kh2 fxg5 22. hxg5 Qd8 23. Bh3 Ndf8 24. Bxc8 Rxc8 25. Rg1 Nd7 26. Qf1 Kg7 27. Qh3 Rh8 28. Nh4 Nhf8 29. Nf5+ gxf5 30. exf5 Ng6 31. fxg6 Nf8 32. bxc5 Nxg6 33. Rb1 Rb8 34. cxd6 Bxd6 35. Rb6 Be7 36. Rxg6+ Kxg6 37. Qe6+ Kg7 38. Qxe5+ Kg8 39. Qe6+ Kf8 40. Ne5 1-0

[Event "SVK-chT2C 2324"]
[Site "Slovakia"]
[Date "2023.12.02"]
[Round "5.1"]
[White "Sarkozy, Ladislav"]
[Black "Brnusak, Tomas"]
[Result "1/2-1/2"]
[WhiteElo "2201"]
[BlackElo "2226"]
[PlyCount "39"]
[EventDate "2023.10.07"]
[EventType "team-tourn"]
[EventRounds "11"]
[EventCountry "SVK"]
[SourceTitle "EXT 2025"]
[Source "ChessBase"]
[SourceDate "2024.10.14"]
[SourceVersion "1"]
[SourceVersionDate "2024.10.14"]
[SourceQuality "1"]
[WhiteTeam "Ondrasova Krivan"]
[BlackTeam "Liptov Chess School III"]
[WhiteTeamCountry "SVK"]
[BlackTeamCountry "SVK"]

1. e4 e5 2. Nf3 Nc6 3. d4 exd4 4. Nxd4 Nf6 5. Nxc6 bxc6 6. e5 Qe7 7. Qe2 Nd5 8. c4 Nb6 9. b3 a5 10. Bb2 a4 11. Nd2 axb3 12. axb3 Rxa1+ 13. Bxa1 Qa3 14. Qd1 Bb4 15. Bd3 Qa5 16. Ke2 0-0 17. Qc2 d6 18. Bd4 dxe5 19. Ra1 Ba3 20. Bc3 1/2-1/2

[Event "SVK-chT2C 2223"]
[Site "Slovakia"]
[Date "2022.11.13"]
[Round "4.1"]
[White "Szamos, Alexander"]
[Black "Sarkozy, Ladislav"]
[Result "0-1"]
[WhiteElo "2128"]
[BlackElo "2195"]
[PlyCount "90"]
[EventDate "2022.10.08"]
[EventType "team-tourn"]
[EventRounds "11"]
[EventCountry "SVK"]
[SourceTitle "EXT 2024"]
[Source "ChessBase"]
[SourceDate "2023.10.10"]
[SourceVersion "1"]
[SourceVersionDate "2023.10.10"]
[SourceQuality "1"]
[WhiteTeam "Filakovo"]
[BlackTeam "Ondrasova Krivan"]
[WhiteTeamCountry "SVK"]
[BlackTeamCountry "SVK"]

1. d4 d5 2. c4 c6 3. Nc3 Nf6 4. cxd5 cxd5 5. Nf3 Nc6 6. Bg5 Ne4 7. e3 Nxg5 8. Nxg5 e6 9. Nf3 g6 10. Be2 Bg7 11. 0-0 0-0 12. Qd2 Bd7 13. Rfc1 Qe7 14. Ne1 Rfc8 15. Nd3 Be8 16. Nc5 Bh6 17. b4 b6 18. Ba6 bxc5 19. Bxc8 cxb4 20. Ba6 bxc3 21. Qxc3 Bf8 22. a3 Rb8 23. Rab1 Rxb1 24. Rxb1 Qxa3 25. Qxa3 Bxa3 26. Rb7 Nb4 27. Rxa7 Nxa6 28. Rxa6 Be7 29. Ra8 Kf8 30. f4 h5 31. g3 f6 32. h4 Kf7 33. Ra7 Bb5 34. Rb7 Bd3 35. Kf2 Bf5 36. Ra7 Ke8 37. Kf3 Be4+ 38. Kf2 Kf7 39. Ra6 g5 40. hxg5 fxg5 41. fxg5 Bxg5 42. Ra8 Bf5 43. Rb8 Bg4 44. Ra8 Bh6 45. Rh8 Bf8 0-1

[Event "SVK-chT2C 2223"]
[Site "Slovakia"]
[Date "2022.11.12"]
[Round "3.1"]
[White "Sarkozy, Ladislav"]
[Black "Mede, Istvan"]
[Result "1-0"]
[WhiteElo "2195"]
[BlackElo "2213"]
[PlyCount "73"]
[EventDate "2022.10.08"]
[EventType "team-tourn"]
[EventRounds "11"]
[EventCountry "SVK"]
[SourceTitle "EXT 2024"]
[Source "ChessBase"]
[SourceDate "2023.10.10"]
[SourceVersion "1"]
[SourceVersionDate "2023.10.10"]
[SourceQuality "1"]
[WhiteTeam "Ondrasova Krivan"]
[BlackTeam "Vinica"]
[WhiteTeamCountry "SVK"]
[BlackTeamCountry "SVK"]

1. e4 d6 2. d4 Nf6 3. f3 g6 4. c4 Bg7 5. Nc3 0-0 6. Bg5 c5 7. d5 e6 8. Bd3 exd5 9. cxd5 h6 10. Be3 a6 11. a4 Re8 12. Nge2 Nbd7 13. 0-0 Ne5 14. Kh1 Rb8 15. Rb1 Bd7 16. b4 c4 17. Bc2 b5 18. Nd4 Nh5 19. axb5 axb5 20. Ra1 f5 21. Ra5 f4 22. Bf2 Qg5 23. Qd2 Nf7 24. Ncxb5 Be5 25. Nc6 Rb7 26. Nxe5 Bxb5 27. Nxf7 Kxf7 28. Rfa1 Ree7 29. Ba4 c3 30. Qxc3 Bxa4 31. R5xa4 Rbc7 32. Qd2 Rc4 33. Ra7 Qe5 34. Rxe7+ Kxe7 35. Rc1 Rxc1+ 36. Qxc1 Nf6 37. b5 1-0

[Event "SVK-chT2C 2223"]
[Site "Slovakia"]
[Date "2022.10.08"]
[Round "1.1"]
[White "Gyerpal, Adrian"]
[Black "Sarkozy, Ladislav"]
[Result "1/2-1/2"]
[WhiteElo "2117"]
[BlackElo "2198"]
[PlyCount "38"]
[EventDate "2022.10.08"]
[EventType "team-tourn"]
[EventRounds "11"]
[EventCountry "SVK"]
[SourceTitle "CBM 210 Extra"]
[Source "ChessBase"]
[SourceDate "2022.11.30"]
[SourceVersion "1"]
[SourceVersionDate "2022.11.30"]
[SourceQuality "1"]
[WhiteTeam "Detva"]
[BlackTeam "Ondrasova Krivan"]
[WhiteTeamCountry "SVK"]
[BlackTeamCountry "SVK"]

1. d4 Nf6 2. c4 c5 3. d5 b5 4. cxb5 a6 5. bxa6 g6 6. Nc3 Bxa6 7. e4 Bxf1 8. Kxf1 d6 9. Nf3 Qc8 10. h3 Bg7 11. g3 0-0 12. Kg2 Nbd7 13. Re1 Qa6 14. Qc2 Rfb8 15. Bf4 Rb4 16. a3 Rb7 17. Rab1 Nb6 18. Nd2 Na4 19. Nd1 Nb6 1/2-1/2

[Event "SVK-chT2C 2122"]
[Site "Slovakia"]
[Date "2022.04.30"]
[Round "10.1"]
[White "Pniaczek, Marek"]
[Black "Sarkozy, Ladislav"]
[Result "1-0"]
[WhiteElo "2298"]
[BlackElo "2199"]
[PlyCount "69"]
[EventDate "2021.10.16"]
[EventType "team-tourn"]
[EventRounds "11"]
[EventCountry "SVK"]
[SourceTitle "EXT 2023"]
[Source "ChessBase"]
[SourceDate "2022.10.05"]
[SourceVersion "1"]
[SourceVersionDate "2022.10.05"]
[SourceQuality "1"]
[WhiteTeam "Bziny"]
[BlackTeam "Ondrasova Krivan"]
[WhiteTeamCountry "SVK"]
[BlackTeamCountry "SVK"]

1. e4 c5 2. Nf3 d6 3. Bb5+ Bd7 4. c4 Bxb5 5. cxb5 Nf6 6. Nc3 g6 7. d4 cxd4 8. Nxd4 Bg7 9. 0-0 0-0 10. Be3 a6 11. Qe2 axb5 12. Ndxb5 Nc6 13. Nd5 Nxd5 14. exd5 Ne5 15. Rfc1 Rc8 16. f4 Nd7 17. Rxc8 Qxc8 18. Rc1 Qa8 19. Rc7 Nf6 20. Nc3 Rc8 21. Rxe7 Bf8 22. Bd4 Bxe7 23. Qxe7 Ne8 24. Ne4 Qa5 25. h3 Qc7 26. Nf6+ Nxf6 27. Qxf6 Kf8 28. Kh2 Ke8 29. Qh8+ Kd7 30. Qxh7 Rf8 31. Qg7 Ke8 32. f5 Qc2 33. Qf6 Qe4 34. Qxd6 Qxd4 35. f6 1-0

[Event "SVK-chT2C 2122"]
[Site "Slovakia"]
[Date "2022.03.26"]
[Round "8.1"]
[White "Sarkozy, Ladislav"]
[Black "Vrana, Frantisek"]
[Result "1/2-1/2"]
[WhiteElo "2199"]
[BlackElo "2212"]
[PlyCount "39"]
[EventDate "2021.10.16"]
[EventType "team-tourn"]
[EventRounds "11"]
[EventCountry "SVK"]
[SourceTitle "EXT 2023"]
[Source "ChessBase"]
[SourceDate "2022.10.05"]
[SourceVersion "1"]
[SourceVersionDate "2022.10.05"]
[SourceQuality "1"]
[WhiteTeam "Ondrasova Krivan"]
[BlackTeam "Rajecke Teplice"]
[WhiteTeamCountry "SVK"]
[BlackTeamCountry "SVK"]

1. e4 e6 2. d4 d5 3. Nc3 Nf6 4. Bg5 Bb4 5. e5 h6 6. Bd2 Bxc3 7. bxc3 Ne4 8. Qg4 Kf8 9. Nf3 Nxd2 10. Kxd2 c5 11. Bd3 c4 12. Be2 Nc6 13. Rhb1 Rb8 14. Qf4 Qe7 15. a3 Bd7 16. g4 b5 17. h4 a5 18. h5 Ke8 19. Qe3 Kd8 20. Rg1 1/2-1/2

[Event "SVK-chT2C 1920"]
[Site "Slovakia"]
[Date "2020.02.16"]
[Round "9.1"]
[White "Sarkozy, Ladislav"]
[Black "Pniaczek, Marek"]
[Result "1/2-1/2"]
[WhiteElo "2226"]
[BlackElo "2110"]
[PlyCount "41"]
[EventDate "2019.10.26"]
[EventType "team-tourn"]
[EventRounds "11"]
[EventCountry "SVK"]
[SourceTitle "CBM 195 Extra"]
[Source "ChessBase"]
[SourceDate "2020.05.31"]
[SourceVersion "1"]
[SourceVersionDate "2020.05.31"]
[SourceQuality "1"]
[WhiteTeam "Ondrasova Krivan"]
[BlackTeam "Bziny"]
[WhiteTeamCountry "SVK"]
[BlackTeamCountry "SVK"]

1. e4 c5 2. Nf3 e6 3. g3 Nc6 4. Bg2 g6 5. d4 cxd4 6. Nxd4 a6 7. 0-0 Bg7 8. Be3 Nge7 9. c4 0-0 10. Nc3 d6 11. Qd2 Ne5 12. b3 Ng4 13. Rfd1 Nxe3 14. Qxe3 Qa5 15. Nde2 Qc7 16. Rd2 Rd8 17. Rad1 Nc6 18. Na4 b5 19. Qb6 Qxb6 20. Nxb6 Rb8 21. Nxc8 1/2-1/2

[Event "SVK-chT2C 1920"]
[Site "Slovakia"]
[Date "2019.11.16"]
[Round "3.1"]
[White "Sarkozy, Ladislav"]
[Black "Jurcik, Marian"]
[Result "1/2-1/2"]
[WhiteElo "2226"]
[BlackElo "2464"]
[PlyCount "69"]
[EventDate "2019.10.26"]
[EventType "team-tourn"]
[EventRounds "11"]
[EventCountry "SVK"]
[SourceTitle "CBM 193 Extra"]
[Source "ChessBase"]
[SourceDate "2020.01.31"]
[SourceVersion "1"]
[SourceVersionDate "2020.01.31"]
[SourceQuality "1"]
[WhiteTeam "Ondrasova Krivan"]
[BlackTeam "Zilina Mladost III"]
[WhiteTeamCountry "SVK"]
[BlackTeamCountry "SVK"]

1. e4 c6 2. d4 d5 3. Nc3 dxe4 4. Nxe4 Nf6 5. Nxf6+ exf6 6. Nf3 Bd6 7. Bd3 0-0 8. 0-0 Bg4 9. c3 Re8 10. Bc2 Nd7 11. Qd3 Nf8 12. h3 Bh5 13. b3 Bg6 14. Qd2 Ne6 15. Bxg6 hxg6 16. Qd3 Qa5 17. Bd2 Rad8 18. Rfe1 g5 19. a4 g6 20. Re2 Kg7 21. Rae1 Rh8 22. Qc2 Qc7 23. c4 Qc8 24. d5 cxd5 25. Bc3 d4 26. Nxd4 Nf4 27. Re3 Be5 28. Ne2 Bxc3 29. Qxc3 Qf5 30. Ng3 Qd7 31. Ne4 Qd4 32. Qxd4 Rxd4 33. Nc3 Ne6 34. Nb5 Rdh4 35. Nd6 1/2-1/2

[Event "SVK-chT2C 1920"]
[Site "Slovakia"]
[Date "2019.10.26"]
[Round "1.1"]
[White "Sarkozy, Ladislav"]
[Black "Haring, Filip"]
[Result "1-0"]
[WhiteElo "2225"]
[BlackElo "2298"]
[PlyCount "100"]
[EventDate "2019.10.26"]
[EventType "team-tourn"]
[EventRounds "11"]
[EventCountry "SVK"]
[SourceTitle "CBM 193 Extra"]
[Source "ChessBase"]
[SourceDate "2020.01.31"]
[SourceVersion "1"]
[SourceVersionDate "2020.01.31"]
[SourceQuality "1"]
[WhiteTeam "Ondrasova Krivan"]
[BlackTeam "Detva"]
[WhiteTeamCountry "SVK"]
[BlackTeamCountry "SVK"]

1. d4 Nf6 2. c4 e6 3. Nf3 c5 4. d5 b5 5. dxe6 fxe6 6. cxb5 d5 7. e3 Bd6 8. Nc3 0-0 9. Be2 Bb7 10. 0-0 Qe7 11. e4 dxe4 12. Ng5 h6 13. Nh3 Nbd7 14. Bf4 Ne5 15. Qb3 Rac8 16. Bc4 Kh7 17. Rad1 Bb8 18. Bg3 Ba8 19. Nf4 Nxc4 20. Qxc4 Rce8 21. Nfe2 Bd5 22. Qa4 Qb7 23. Bxb8 Qxb8 24. Ng3 Qf4 25. Qc2 Kg8 26. Nxd5 exd5 27. Qxc5 Ng4 28. Qxd5+ Kh8 29. Qd2 Qf6 30. h3 Rd8 31. Qe2 Rxd1 32. Qxd1 Ne5 33. Nxe4 Qf4 34. Qe2 Re8 35. Nc3 Qf7 36. Qd1 Rf8 37. Qd5 Qf6 38. Ne4 Qf5 39. Ng3 Qg5 40. Qd4 h5 41. f4 Qxg3 42. Qxe5 h4 43. Rf3 Qg6 44. Qe7 Re8 45. Qxh4+ Kg8 46. f5 Qb6+ 47. Kh2 Qxb5 48. f6 gxf6 49. Qxf6 Qe5+ 50. Qxe5 Rxe5 1-0

[Event "SVK-ch op"]
[Site "Ruzomberok"]
[Date "2019.07.03"]
[Round "5"]
[White "Viczencz, Peter"]
[Black "Sarkozy, Ladislav"]
[Result "1/2-1/2"]
[WhiteElo "2014"]
[BlackElo "2227"]
[PlyCount "93"]
[EventDate "2019.06.29"]
[EventType "swiss"]
[EventRounds "9"]
[EventCountry "SVK"]
[SourceTitle "CBM 191 Extra"]
[Source "ChessBase"]
[SourceDate "2019.09.30"]
[SourceVersion "1"]
[SourceVersionDate "2019.09.30"]
[SourceQuality "1"]

1. e4 e5 2. Nf3 Nc6 3. Bc4 Bc5 4. 0-0 Nf6 5. d3 d6 6. h3 h6 7. c3 a6 8. Re1 0-0 9. b4 Ba7 10. a4 Be6 11. Nbd2 Bxc4 12. Nxc4 Ne7 13. Be3 Bxe3 14. fxe3 Ng6 15. Qc2 Re8 16. Rad1 Qe7 17. Ncd2 Rad8 18. Nf1 d5 19. exd5 Nxd5 20. Ng3 Nh4 21. Nxh4 Qxh4 22. Kh2 Nf6 23. Nf5 Qg5 24. e4 g6 25. Ng3 Ng4+ 26. hxg4 Qh4+ 27. Kg1 Qxg3 28. Qe2 Re6 29. Qf3 Qxf3 30. gxf3 Rc6 31. d4 Rxc3 32. dxe5 Rxd1 33. Rxd1 Rxf3 34. Rd8+ Kg7 35. Rd7 Rf4 36. e6 Kf8 37. Rxc7 fxe6 38. Rxb7 Rxg4+ 39. Kf2 Rxe4 40. Kf3 Rc4 41. a5 Ke8 42. b5 Kd8 43. b6 Kc8 44. Ra7 Rc5 45. Rxa6 Rb5 46. Ra7 h5 47. Re7 1/2-1/2

[Event "SVK-ch op"]
[Site "Ruzomberok"]
[Date "2019.07.01"]
[Round "3"]
[White "Bakalar, Jan"]
[Black "Sarkozy, Ladislav"]
[Result "0-1"]
[WhiteElo "1969"]
[BlackElo "2227"]
[PlyCount "62"]
[EventDate "2019.06.29"]
[EventType "swiss"]
[EventRounds "9"]
[EventCountry "SVK"]
[SourceTitle "CBM 191 Extra"]
[Source "ChessBase"]
[SourceDate "2019.09.30"]
[SourceVersion "1"]
[SourceVersionDate "2019.09.30"]
[SourceQuality "1"]

1. c4 Nf6 2. Nc3 g6 3. e4 d6 4. g3 Bg7 5. Bg2 0-0 6. Nge2 c5 7. 0-0 Nc6 8. h3 Rb8 9. d3 a6 10. f4 Bd7 11. Be3 b5 12. b3 b4 13. Na4 Ne8 14. Rb1 Nc7 15. f5 Nd4 16. Bxd4 cxd4 17. Nb2 a5 18. Qc2 Na6 19. Nd1 Nc5 20. g4 e5 21. Nf2 Bh6 22. Bf3 a4 23. Kg2 axb3 24. axb3 Qh4 25. Ra1 Ra8 26. Nh1 Rfb8 27. Ng1 Qd8 28. Rxa8 Rxa8 29. Bd1 Be3 30. fxg6 fxg6 31. Qe2 Ra3 0-1

[Event "SVK-chT2C 1819"]
[Site "Slovakia"]
[Date "2018.11.18"]
[Round "4.1"]
[White "Pniaczek, Marek"]
[Black "Sarkozy, Ladislav"]
[Result "1/2-1/2"]
[WhiteElo "2154"]
[BlackElo "2230"]
[PlyCount "58"]
[EventDate "2018.10.13"]
[EventType "team-tourn"]
[EventRounds "11"]
[EventCountry "SVK"]
[SourceTitle "CBM 187 Extra"]
[Source "ChessBase"]
[SourceDate "2018.11.04"]
[SourceVersion "1"]
[SourceVersionDate "2018.11.04"]
[SourceQuality "1"]
[WhiteTeam "Bziny"]
[BlackTeam "Ondrasova Krivan"]
[WhiteTeamCountry "SVK"]
[BlackTeamCountry "SVK"]

1. e4 c5 2. Nf3 Nc6 3. Bb5 g6 4. 0-0 Bg7 5. Re1 e5 6. Bxc6 dxc6 7. d3 Qe7 8. Nbd2 Nf6 9. Nc4 Nd7 10. a3 0-0 11. b4 Rd8 12. Be3 f6 13. Qd2 Bf8 14. Reb1 b6 15. h4 Ba6 16. Qc3 Qe6 17. Ncd2 Rac8 18. g3 h5 19. Kh2 Kh7 20. Ng1 Bh6 21. Bxh6 Kxh6 22. Nh3 Rg8 23. f4 exf4 24. gxf4 Rce8 25. Rg1 Qd6 26. Nf3 c4 27. Rg3 cxd3 28. cxd3 c5 29. Rd1 Rxe4 1/2-1/2

[Event "Banska Stiavnica V4 op"]
[Site "Banska Stiavnica"]
[Date "2018.07.15"]
[Round "9"]
[White "Lukac, Roman"]
[Black "Sarkozy, Ladislav"]
[Result "1/2-1/2"]
[WhiteElo "2089"]
[BlackElo "2247"]
[PlyCount "26"]
[EventDate "2018.07.07"]
[EventType "swiss"]
[EventRounds "9"]
[EventCountry "SVK"]
[SourceTitle "CBM 185 Extra"]
[Source "ChessBase"]
[SourceDate "2018.07.29"]
[SourceVersion "1"]
[SourceVersionDate "2018.07.29"]
[SourceQuality "1"]

1. e4 c5 2. Nf3 d6 3. d4 cxd4 4. Nxd4 Nf6 5. Nc3 g6 6. f3 Bg7 7. Be3 Nc6 8. Qd2 0-0 9. Bc4 Bd7 10. Bb3 Rc8 11. h4 h5 12. 0-0-0 Ne5 13. Bg5 Rc5 1/2-1/2

[Event "Banska Stiavnica V4 op"]
[Site "Banska Stiavnica"]
[Date "2018.07.13"]
[Round "7"]
[White "Balogh, Peter1"]
[Black "Sarkozy, Ladislav"]
[Result "1/2-1/2"]
[WhiteElo "2097"]
[BlackElo "2247"]
[PlyCount "30"]
[EventDate "2018.07.07"]
[EventType "swiss"]
[EventRounds "9"]
[EventCountry "SVK"]
[SourceTitle "CBM 185 Extra"]
[Source "ChessBase"]
[SourceDate "2018.07.29"]
[SourceVersion "1"]
[SourceVersionDate "2018.07.29"]
[SourceQuality "1"]

1. e4 c5 2. Nf3 d6 3. d4 cxd4 4. Nxd4 Nf6 5. Nc3 Nc6 6. Bg5 e6 7. Qd2 a6 8. 0-0-0 Bd7 9. f4 b5 10. g4 b4 11. Nb1 Qb6 12. Bxf6 gxf6 13. Bg2 Rb8 14. Nxc6 Bxc6 15. g5 Rd8 1/2-1/2

[Event "Banska Stiavnica V4 op"]
[Site "Banska Stiavnica"]
[Date "2018.07.12"]
[Round "6"]
[White "Sarkozy, Ladislav"]
[Black "Brhel, Jan"]
[Result "1/2-1/2"]
[WhiteElo "2247"]
[BlackElo "2070"]
[PlyCount "31"]
[EventDate "2018.07.07"]
[EventType "swiss"]
[EventRounds "9"]
[EventCountry "SVK"]
[SourceTitle "CBM 185 Extra"]
[Source "ChessBase"]
[SourceDate "2018.07.29"]
[SourceVersion "1"]
[SourceVersionDate "2018.07.29"]
[SourceQuality "1"]

1. d4 d5 2. c4 dxc4 3. Nf3 e6 4. e3 a6 5. Bxc4 b5 6. Bb3 Bb7 7. 0-0 c5 8. Qe2 Nc6 9. Rd1 cxd4 10. exd4 Nce7 11. d5 Nxd5 12. Nc3 Be7 13. Nxd5 Bxd5 14. Bxd5 exd5 15. Bg5 Kf8 16. Bf4 1/2-1/2

[Event "Banska Stiavnica V4 op"]
[Site "Banska Stiavnica"]
[Date "2018.07.08"]
[Round "2"]
[White "Sarkozy, Ladislav"]
[Black "Toma, Rudolf"]
[Result "1-0"]
[WhiteElo "2247"]
[BlackElo "2018"]
[PlyCount "71"]
[EventDate "2018.07.07"]
[EventType "swiss"]
[EventRounds "9"]
[EventCountry "SVK"]
[SourceTitle "CBM 185 Extra"]
[Source "ChessBase"]
[SourceDate "2018.07.29"]
[SourceVersion "1"]
[SourceVersionDate "2018.07.29"]
[SourceQuality "1"]

1. d4 d5 2. c4 e6 3. Nf3 Nf6 4. g3 Be7 5. Bg2 0-0 6. 0-0 Nbd7 7. Qc2 c6 8. Rd1 Ne4 9. b3 f5 10. e3 Ndf6 11. Ne5 Bd7 12. Ba3 Be8 13. Bxe7 Qxe7 14. f3 Ng5 15. Nc3 Nd7 16. f4 Ne4 17. Nxe4 Nxe5 18. dxe5 dxe4 19. c5 a5 20. Rd6 Bh5 21. Qc4 Rfe8 22. Rc1 Rad8 23. Rc2 Rxd6 24. cxd6 Qd7 25. Qc5 Ra8 26. Qb6 Kf8 27. Bf1 Ke8 28. Rc5 h6 29. Rxa5 Rxa5 30. Qxa5 Qc8 31. Qa7 g5 32. Ba6 gxf4 33. gxf4 Qd8 34. Bxb7 Qh4 35. Bxc6+ Kf8 36. Qe7+ 1-0

[Event "Banska Stiavnica V4 op"]
[Site "Banska Stiavnica"]
[Date "2018.07.07"]
[Round "1"]
[White "Panko, Eduard1"]
[Black "Sarkozy, Ladislav"]
[Result "0-1"]
[WhiteElo "1871"]
[BlackElo "2247"]
[PlyCount "70"]
[EventDate "2018.07.07"]
[EventType "swiss"]
[EventRounds "9"]
[EventCountry "SVK"]
[SourceTitle "CBM 185 Extra"]
[Source "ChessBase"]
[SourceDate "2018.07.29"]
[SourceVersion "1"]
[SourceVersionDate "2018.07.29"]
[SourceQuality "1"]

1. e4 c5 2. a3 g6 3. Nc3 Bg7 4. Bc4 d6 5. b4 Nc6 6. bxc5 dxc5 7. Nge2 Nf6 8. Rb1 0-0 9. 0-0 b6 10. d3 Bb7 11. Be3 Na5 12. Ba2 e5 13. Qd2 c4 14. f3 Ba6 15. Rfd1 Qd7 16. d4 exd4 17. Nxd4 Rfd8 18. Nce2 Qe8 19. c3 Nc6 20. Qc2 Ne5 21. Rb4 Nd3 22. Ra4 Nc5 23. Rb4 Nd5 24. Bg5 Nxb4 25. cxb4 f6 26. Bxf6 Bxf6 27. bxc5 bxc5 28. Bxc4+ Bxc4 29. Qxc4+ Kh8 30. Qxc5 Qa4 31. Rd2 Rac8 32. Qb4 Qxb4 33. axb4 Rc4 34. Nb3 Rxd2 35. Nxd2 Rc2 0-1

[Event "SVK-chT2C 1718"]
[Site "Slovakia"]
[Date "2018.01.13"]
[Round "5.1"]
[White "Tropp, Oliver"]
[Black "Sarkozy, Ladislav"]
[Result "1/2-1/2"]
[WhiteElo "2194"]
[BlackElo "2259"]
[PlyCount "63"]
[EventDate "2017.10.28"]
[EventType "team-tourn"]
[EventRounds "11"]
[EventCountry "SVK"]
[SourceTitle "EXT 2019"]
[Source "ChessBase"]
[SourceDate "2018.10.10"]
[SourceVersion "1"]
[SourceVersionDate "2018.10.10"]
[SourceQuality "1"]
[WhiteTeam "Liptov Chess School III"]
[BlackTeam "Ondrasova Krivan"]
[WhiteTeamCountry "SVK"]
[BlackTeamCountry "SVK"]

1. c4 Nf6 2. g3 c6 3. Bg2 d5 4. b3 Bg4 5. Bb2 e6 6. h3 Bh5 7. g4 Bg6 8. Nf3 Nbd7 9. 0-0 h6 10. d3 Bc5 11. Nbd2 0-0 12. d4 Bd6 13. Ne5 Bh7 14. f4 Ne4 15. Nxe4 Bxe4 16. Bxe4 dxe4 17. Qc2 f5 18. gxf5 exf5 19. c5 Bc7 20. Qc4+ Kh7 21. Rad1 Nf6 22. Qe6 Qc8 23. Qxc8 Raxc8 24. Bc1 Nd5 25. Kf2 Bd8 26. Rg1 Bh4+ 27. Kf1 Rf6 28. Nc4 Rd8 29. Bd2 Rd7 30. e3 Re6 31. Ke2 Bf6 32. Rc1 1/2-1/2

[Event "Tatry op"]
[Site "Tatranska Lomnica"]
[Date "2017.10.12"]
[Round "6"]
[White "Sarkozy, Ladislav"]
[Black "Lukac, Roman"]
[Result "1/2-1/2"]
[WhiteElo "2265"]
[BlackElo "2007"]
[PlyCount "93"]
[EventDate "2017.10.08"]
[EventType "swiss"]
[EventRounds "9"]
[EventCountry "SVK"]
[SourceTitle "CBM 181 Extra"]
[Source "ChessBase"]
[SourceDate "2017.12.12"]
[SourceVersion "1"]
[SourceVersionDate "2017.12.12"]
[SourceQuality "1"]

1. d4 Nf6 2. c4 g6 3. Nc3 Bg7 4. e4 d6 5. Nf3 0-0 6. Be2 e5 7. 0-0 Nc6 8. d5 Ne7 9. b4 a5 10. bxa5 Rxa5 11. Nd2 Ra8 12. Nb3 Ne8 13. c5 f5 14. cxd6 cxd6 15. a4 Nf6 16. f3 Nh5 17. a5 Nf4 18. Be3 Bd7 19. Bb5 Nc8 20. Rc1 Rf7 21. Bxd7 Qxd7 22. Kh1 h6 23. Rf2 Ne7 24. Qf1 g5 25. Nb5 Rc8 26. Rxc8+ Nxc8 27. Qc4 fxe4 28. fxe4 Qg4 29. Nd2 Bf6 30. Qf1 Qd7 31. g3 Nh5 32. Kg1 Bd8 33. Rxf7 Qxf7 34. Qxf7+ Kxf7 35. Nc4 Be7 36. Kf2 Nf6 37. Nc3 Ng4+ 38. Kg2 Nf6 39. h3 Kg6 40. Kf3 Ne8 41. Bc1 h5 42. g4 hxg4+ 43. hxg4 Kf7 44. Ba3 Nc7 45. Na4 Nb5 46. Bb4 Bd8 47. Nab6 1/2-1/2

[Event "Tatry op"]
[Site "Tatranska Lomnica"]
[Date "2017.10.11"]
[Round "5"]
[White "Sarkozy, Ladislav"]
[Black "Holes, Michal"]
[Result "0-1"]
[WhiteElo "2265"]
[BlackElo "2096"]
[PlyCount "60"]
[EventDate "2017.10.08"]
[EventType "swiss"]
[EventRounds "9"]
[EventCountry "SVK"]
[SourceTitle "CBM 181 Extra"]
[Source "ChessBase"]
[SourceDate "2017.12.12"]
[SourceVersion "1"]
[SourceVersionDate "2017.12.12"]
[SourceQuality "1"]

1. e4 e5 2. Nf3 Nc6 3. Bb5 f5 4. Nc3 Nf6 5. exf5 e4 6. Qe2 Qe7 7. Ng5 Nd4 8. Qd1 Qe5 9. Ba4 b5 10. Bb3 d5 11. Ne6 Bxe6 12. fxe6 c5 13. a4 c4 14. Ba2 b4 15. Ne2 Nxe6 16. d3 exd3 17. cxd3 b3 18. f4 Qh5 19. Bb1 Bc5 20. Ng3 Qh4 21. dxc4 Nd4 22. Be3 Nc2+ 23. Bxc2 Bxe3 24. Bxb3 Bxf4 25. Qf3 0-0 26. cxd5 Bxg3+ 27. Qxg3 Qd4 28. d6+ Kh8 29. d7 Ne4 30. Rd1 Qb4+ 0-1

[Event "Ruzomberok Montana op"]
[Site "Ruzomberok"]
[Date "2017.05.30"]
[Round "3"]
[White "Murin, Pavol"]
[Black "Sarkozy, Ladislav"]
[Result "1/2-1/2"]
[WhiteElo "2013"]
[BlackElo "2281"]
[PlyCount "74"]
[EventDate "2017.05.28"]
[EventType "swiss"]
[EventRounds "9"]
[EventCountry "SVK"]
[SourceTitle "EXT 2018"]
[Source "ChessBase"]
[SourceDate "2017.10.13"]
[SourceVersion "1"]
[SourceVersionDate "2017.10.13"]
[SourceQuality "1"]

1. d4 Nf6 2. c4 g6 3. Nc3 d5 4. cxd5 Nxd5 5. e4 Nxc3 6. bxc3 Bg7 7. Bc4 c5 8. Ne2 0-0 9. 0-0 cxd4 10. cxd4 Nc6 11. Be3 Bg4 12. f3 Na5 13. Bd3 Be6 14. d5 Bxa1 15. Qxa1 f6 16. Bh6 Re8 17. Kh1 b6 18. Nf4 Bf7 19. Bb5 Qd6 20. Bxe8 Rxe8 21. Rc1 b5 22. Nd3 Nc4 23. Bf4 e5 24. dxe6 Qxe6 25. a4 a6 26. h3 Rd8 27. Nc5 Qb6 28. axb5 axb5 29. Nb3 Kg7 30. Rd1 Rxd1+ 31. Qxd1 Qf2 32. Qd7 Ne3 33. Bxe3 Qxe3 34. Nd4 Qc1+ 35. Kh2 Qf4+ 36. Kh1 Qc1+ 37. Kh2 Qf4+ 1/2-1/2